01067nam a22002055i 4500001000700000003000900007005001700016008004100033080001000074100002800084245029200112260006200404300002100466530003500487650002300522650002900545651003300574852010200607856015200709161016ES-MaACL20230906212157.0990430s1834 sp |||| | spa d a543.31 aOñez, José Antonio.10aObservaciones analíticas de las aguas de la fuente del Berro, Puerta Cerrada, Puerta del Sol, de San Ysidro, de la Reina en el Pardo, de la Escorzonera en Pozuelo y del río de Manzanares a distancia de cinco cuartos de legua de esta Corte / cpor el doctor Don José Antonio Oñez. aMadrid : b[s.n.], c1834 (fImp. que fue de Fuentenebro) a10 p. ; c21 cm. aDisponible en formato digital. 4aAgua-xAnálisis. aAguas potables-zMadrid. 4aManzanares (España, Río) aES-MaACLjT-208-F-21 z-- Enc. hol. q-- Falto de la cub. originalz-- Enc. en un vol. facticio uhttps://bibliotecavirtualmadrid.comunidad.madrid/bvmadrid_publicacion/es/consulta/registro.do?id=1087zBiblioteca Digital de la Comunidad de Madrid